| 000 | 00939cad a22002295a 4500 | ||
|---|---|---|---|
| 001 | L149638 | ||
| 008 | 100329s2010 xxk f 000 0 eng d | ||
| 035 | _a(Sirsi) u149638 | ||
| 041 | 0 | _aeng | |
| 050 | 0 | 4 | _a338.4569 $2 18 |
| 110 | 2 |
_aConstruction Industry Council _92417 |
|
| 245 | 0 | 4 |
_aThe impact of the recession on construction professional services _bexecutive summary _h[electronic resource] |
| 260 |
_aLondon _bCIC _c2010 |
||
| 520 | _aAnalysis of trends; overall outlook; quantity surveyors and other professionals within the whole economy 2007-2012; claimant count comparisons for professionals including quantity surveyors. | ||
| 590 | _aKA | ||
| 590 | _aNTK | ||
| 651 | 4 |
_aUnited Kingdom _y |
|
| 690 | _aBUILT ENVIRONMENT | ||
| 710 | 1 |
_aConstructionSkills _95077 |
|
| 856 | 4 | 8 |
_uhttps://www.cic.org.uk/newsevents/ImpactRecessionResearchExecutiveSummary.pdf _z View this item free of charge at www.cic.org.uk |
| 942 | _n0 | ||
| 999 |
_c110569 _d110569 |
||